British Pop Singers and Bands - Statistics

General Stats
  • This quiz has been taken 572 times
    428 since last reset
  • The average score is 44 of 129
Answer Stats
Hint Initials Answer % Correct
Hey Jude B Beatles
87%
Someone like you A Adele
86%
Viva La Vida C Coldplay
76%
Radio Gaga Q Queen
76%
Crocodile Rock EJ Elton John
71%
Dont Look back in Anger O Oasis
70%
Wannabe SG Spice Girls
69%
Careless whisper GM George Michael
67%
Imagine JL John Lennon
67%
Every breath you take P Police
67%
Wake me up before you go-go W Wham
64%
Watermelon sugar HS Harry Styles
63%
(I can't get no) Satisfaction RS Rolling Stones
63%
What makes you beautiful OD One Direction
61%
Never gonna give you up RA Rick Astley
61%
Everybody wants to rule the world TfF Tears for Fears
61%
Karma Chameleon CC Culture Club
60%
Bleeding love LL Leona Lewis
57%
London calling C Clash
55%
Mr Blue Sky ELO Electric Light Orchestra
55%
The House of the Rising Sun A Animals
54%
Whole lotta love LZ Led Zeppelin
54%
Angels RW Robbie Williams
54%
Bitter Sweet Symphony V Verve
54%
Going Underground J Jam
52%
Kiss from a rose S Seal
52%
Sweet Dreams E Eurythmics
51%
West End girls PSB Pet Shop Boys
51%
I bet you look good on the dance floor AM Arctic Monkeys
50%
Paranoid BS Black Sabbath
50%
Money for nothing DS Dire Straits
50%
Ashes to ashes DB David Bowie
48%
You're beautiful JB James Blunt
48%
House of fun M Madness
47%
Come on Eileen DMR Dexy's Midnight Runners
46%
Red red wine UB UB40
45%
Maggie May RS Rod Stewart
44%
My sweet Lord GH George Harrison
43%
Blue Monday NO New Order
43%
I shot the sherrif EC Eric Clapton
42%
Love will tear us apart JD Joy Division
41%
Somewhere only we know K Keane
41%
You really got me K Kinks
41%
Someone you loved LC Lewis Capaldi
41%
You cant hurry love PC Phil Collins
41%
Dont you (forget about me) SM Simple Minds
40%
Don't you want me HL Human League
39%
Common people P Pulp
39%
The Wild Boys DD Duran Duran
38%
Get it on T-R T-Rex
38%
Sledgehammer PG Peter Gabriel
37%
The Love Cats C Cure
36%
I'm too sexy RSF Right said Fred
36%
I want to know what love is F Foreigner
35%
Massachusetts BG Bee Gees
34%
Supermassive Blackhole M Muse
33%
Gold SB Spandau Ballet
33%
Venus B Bananarama
32%
Congratulations CR Cliff Richard
32%
Everytime you go away PY Paul Young
32%
Shine TT Take that
32%
Tender is the night B Blur
31%
Horse with no name A America
30%
Sing ES Ed Sheeran
30%
She drives me crazy FYC Fine Young Cannibals
30%
Albatross FM Fleetwood Mac
30%
I can see for miles W Who
30%
I cant dance G Genesis
29%
Vienna U Ultravox
29%
Holding back the years SR Simply Red
28%
(I just) Died in your arms CC Cutting Crew
27%
Addicted to love RP Robert Palmer
27%
Black night DP Deep Purple
26%
People are people DM Depeche Mode
26%
With a little help from my friends JC Joe Cocker
26%
Wings LM Little Mix
26%
See Emily play PF Pink Floyd
26%
Big spender SB Shirley Bassey
26%
Breakfast in America S Supertramp
26%
You keep me hangin' on KW Kim Wilde
25%
Do Wah Diddy Diddy MM Manfred Mann
25%
Mull of Kintyre PMaW Paul McCartney and Wings
25%
Street Spirit R Radiohead
25%
Bye bye baby BCR Bay City Rollers
24%
Ferry cross the Mersey GatP Gerry and the Pacemakers
24%
Shout L Lulu
24%
Down Town PC Petula Clark
24%
Goodnight girl WWW Wet wet wet
24%
Senses working overtime XTC XTC
24%
Panic S Smiths
23%
Wild thing T Troggs
23%
Hot in the city BI Billy Idol
22%
Love bites DL Def Leppard
22%
Here I go again W Whitesnake
22%
Small town boy BB Bronski Beat
21%
Hit me with your rhythm stick ID&tB Ian Dury & the blockheads
21%
She's not there Z Zombies
21%
Anyone who had a heart CB Cilla Black
20%
Love is the drug RM Roxy Music
20%
Down, down SQ Status Quo
20%
The whole of the moon W Waterboys
20%
Can I Play with Madness IM Iron Maiden
19%
Whiter Shade of Pale PH Procol Harum
19%
Morning Train SE Sheena Easton
19%
I will wait MaS Mumford and Sons
18%
Too much too young S Specials
17%
Strange brew C Cream
16%
When I need you LS Leo Sayer
16%
Love spreads SR Stone Roses
16%
I'm into something good HH Hermans Hermits
15%
Glad all over DCF Dave Clark Five
14%
Sunshine superman D Donovan
14%
Pure and simple H Hear'Say
14%
For your love Y Yardbirds
14%
Pick up the Pieces AWB Average White Band
13%
Over my shoulder MatM Mike and the Mechanics
13%
Living in the past JT Jethro Tull
12%
Chasing the Sun W Wanted
12%
Just one look H Hollies
10%
Stay SS Shakespear's Sister
10%
I'm Telling you now FatD Freddy and the Dreamers
9%
Theme from MASH MSP Manic Street Preachers
8%
Go now MB Moody Blues
8%
The Night Chicago died PL Paper Lace
8%
A World without Love PaG Peter and Gordon
7%
Loch Lomond R Runrig
5%
All or nothing SF Small Faces
5%
Kings of Speed H Hawkwind
3%
Tobacco Road NT Nashville Teens
3%
No matching quizzes found
Score Distribution
Percent of People with Each Score
Percentile by Number Answered
Your Score History
You have not taken this quiz since the last reset